| 000 | 00625nam a2200205 a 4500 | ||
|---|---|---|---|
| 005 | 20230518063746.0 | ||
| 008 | 991125s1978 mad 000 0 spa u | ||
| 020 | _a8427703554 | ||
| 035 | _aUPN01000012602 | ||
| 049 | _aCG | ||
| 050 | 4 |
_aLB1051 _bR6.38 |
|
| 100 | 1 | _aRoberts, Thomas | |
| 245 | 1 | 0 |
_aCuatro psicologías aplicadas a la educación / _cThomas Roberts ; tr. Aurora Cameno. |
| 260 |
_aMadrid : _bNarcea, _c1978. |
||
| 300 | _a2 v. | ||
| 440 | 0 |
_aEducación hoy. _pEstudios |
|
| 505 |
_aContenido: _gv.1. _tFreudiana _gv.2. _tBehaviorista. Humanística |
||
| 650 | 4 |
_aPsicología educativa _95197 |
|
| 905 | _aLibro | ||
| 999 |
_c12602 _d12602 |
||